LEADER 02179nam 2200529 a 450 001 9910478930803321 005 20170816153249.0 010 $a1-4833-2551-2 010 $a1-4522-5267-X 035 $a(CKB)2550000001194149 035 $a(EBL)1598379 035 $a(MiAaPQ)EBC1598379 035 $a(OCoLC)812185876 035 $a(StDuBDS)EDZ0000159060 035 $a(EXLCZ)992550000001194149 100 $a20130912d1991 fy 0 101 0 $aeng 135 $aur|n|---||||| 181 $2rdacontent 182 $2rdamedia 183 $2rdacarrier 200 00$aExperiencing fieldwork$b[electronic resource] $ean inside view of qualitative research /$fWilliam B. Shaffir, Robert A. Stebbins, editors 210 $aNewbury Park $cSAGE$d1991 215 $a1 online resource (288 p.) 225 1 $aSAGE focus editions ;$vv. 124 300 $aDescription based upon print version of record. 311 $a1-322-42341-5 311 $a0-8039-3645-1 320 $aIncludes bibliographical references and index. 327 $apart I. Getting in -- part II. Learning the ropes -- part III. Maintaining relations -- part IV. Leaving and keeping in touch. 330 $aHow do you gain entry into a research setting? What tricks are there to learning the rules of the community without alienating the people you came to study? How are good relations maintained with informants? What happens after you leave the field? In Experiencing Fieldwork top ethnographers address these and other questions, bring fieldwork alive for the reader and provide invaluable advice for those entering the field. 410 0$aSAGE Focus Editions 606 $aSocial sciences$xResearch$xMethodology 606 $aSocial sciences$xFieldwork 608 $aElectronic books. 615 0$aSocial sciences$xResearch$xMethodology. 615 0$aSocial sciences$xFieldwork. 676 $a300.72 676 $a300/.72 701 $aShaffir$b William$0968438 701 $aStebbins$b Robert A.$f1938-$0895400 801 0$bStDuBDS 801 1$bStDuBDS 906 $aBOOK 912 $a9910478930803321 996 $aExperiencing fieldwork$92455566 997 $aUNINA LEADER 03007nam 2200529 450 001 9910796352203321 005 20230126220440.0 010 $a1-925377-50-4 010 $a1-922235-79-2 035 $a(CKB)3790000000545444 035 $a(MiAaPQ)EBC4913573 035 $a(MiAaPQ)EBC4901270 035 $a(EXLCZ)993790000000545444 100 $a20190129d2017 uy 0 101 0 $aeng 135 $aurcnu|||||||| 181 $2rdacontent 182 $2rdamedia 183 $2rdacarrier 200 10$aAustralian lives $ean intimate history /$fAnisa Puri and Alistair Thomson 210 1$aClayton, Victoria :$cMonash University Publishing,$d[2017] 210 4$d©2017 215 $a1 online resource (433 pages) 225 1 $aAustralian history 311 $a1-922235-78-4 320 $aIncludes bibliographical references and indexes. 330 $a'Life is long. When you're forty-eight, there's been a lot of stuff that's happened (laughs). It's got elements of comedy and there are elements of heartache and drama and thriller and it's got so many things in it.' Rhonda King, born 1965 'I really like the idea that in maybe a hundred years someone could listen and hear about my life to learn about what living in 2012 or 2013 was like. Think that's really cool.' Adam Farrow-Palmer, born 1988 Australian Lives: An Intimate History illuminates Australian life across the 20th and into the 21st century: how Australian people have been shaped by the forces and expectations of contemporary history and how, in turn, they have made their lives and created Australian society. From oral history interviews with Australians born between 1920 and 1989, fifty narrators reflect on their diverse experiences as children and teenagers, in midlife and in old age, about faith, migration, work and play, aspiration and activism, memory and identity, pain and happiness. In Australian Lives you can read and in the e-version of the book listen to the comedy, heartache and drama of ordinary Australians' extraordinary lives. As our interviewee Kim Bear (born 1959) explains, 'Stories are a great way to inform people about what it is to be human. Even if you say one thing that resonates...there's that connection made.' 410 0$aAustralian history (Monash University Publishing) 606 $aAustralians$vInterviews 606 $aAustralians$xSocial life and customs$y20th century 607 $aAustralia$xSocial conditions$y20th century 607 $aAustralia$xSocial conditions$y21st century 607 $aAustralia$vBiography 607 $aAustralia$xHistory$y20th century 607 $aAustralia$xHistory$y21st century 615 0$aAustralians 615 0$aAustralians$xSocial life and customs 676 $a994 700 $aPuri$b Anisa$01581651 702 $aThomson$b Alistair 801 0$bMiAaPQ 801 1$bMiAaPQ 801 2$bMiAaPQ 906 $aBOOK 912 $a9910796352203321 996 $aAustralian lives$93863349 997 $aUNINA LEADER 01279nam0 22002891i 450 001 UON00258049 005 20231205103700.589 010 $a88-88684-66-2 100 $a20041013d2004 |0itac50 ba 101 $aita 102 $aIT 105 $a|||| ||||| 200 1 $aAdolescenti e donne nell'immigrazione: problematiche e conflitti$fa cura dell'Osservatorio Provinciale delle Immigrazioni, UTG di Bologna 210 $aTorino$cL'Harmattan Italia$d2004 215 $a156 p.$d21 cm. 410 1$1001UON00173192$12001 $a Métissage$fCollana diretta da Alberto Tarozzi$v39 606 $aItalia$xImmigrazione$xStudi$3UONC037927$2FI 620 $aIT$dTorino$3UONL000014 676 $a304.80945$cEmigrazione e immigrazione. Italia$v21 712 02$aOsservatorio comunale delle immigrazioni$cBologna$3UONV286514$4340 712 $aL'Harmattan Italia$3UONV268183$4650 801 $aIT$bSOL$c20251114$gRICA 899 $aSIBA - SISTEMA BIBLIOTECARIO DI ATENEO$2UONSI 912 $aUON00258049 950 $aSIBA - SISTEMA BIBLIOTECARIO DI ATENEO$dSI VII GEO 2.0 0972 $eSI SC 40449 5 0972 $sBuono 996 $aAdolescenti e donne nell'immigrazione: problematiche e conflitti$91238891 997 $aUNIOR